| 000 | 00417cam a2200169ua 4500 | ||
|---|---|---|---|
| 003 | OSt | ||
| 008 | 250602b |||||||| |||| 00| 0 eng d | ||
| 041 | _aeng | ||
| 082 |
_a624.177 _bSYA/RE |
||
| 100 |
_aSyal, I C . _97527 |
||
| 245 | _aRe-inforced concrete structures / | ||
| 250 | _a1 / | ||
| 260 |
_a : _bA H Wheeler and co pvt ltd , _c1984. |
||
| 300 | _a514 ; . | ||
| 700 | 1 |
_aGoel, A K . _97528 |
|
| 942 | _cBK | ||
| 999 |
_c5535 _d5535 |
||